Southville International School and Colleges
Your cart is empty.
  • Cart
  • Lists
    Public lists Eva Luna New books Lux_list list_1
    Your lists Log in to create your own lists
  • Log in to your account
  • Your cookies
  • Search history
Southville International School and Colleges
  • Advanced search
  • Recent comments
  • Most popular
  • Libraries

Log in to your account

Log in with GOOGLE


If you do not have an external account, but do have a local account, you can still log in:

  1. Home
  2. MARC view: Roget's Student thesaurus
Normal view MARC view ISBD view

Roget's Student thesaurus (Record no. 3784)

[ view plain ]
MARC details
000 -LEADER
fixed length control field 00522nam a22001937a 4500
003 - CONTROL NUMBER IDENTIFIER
control field OSt
005 - DATE AND TIME OF LATEST TRANSACTION
control field 20140310181805.0
008 - FIXED-LENGTH DATA ELEMENTS--GENERAL INFORMATION
fixed length control field 130704t xxu||||| |||| 00| 0 eng d
020 ## - INTERNATIONAL STANDARD BOOK NUMBER
International Standard Book Number 0062750127
050 ## - LIBRARY OF CONGRESS CALL NUMBER
Classification number PE 1591
Item number .Sc334 1994
082 ## - DEWEY DECIMAL CLASSIFICATION NUMBER
Classification number REF 423.1
Item number R634 1994
245 ## - TITLE STATEMENT
Title Roget's Student thesaurus
Statement of responsibility, etc Schiller, Andrew
260 ## - PUBLICATION, DISTRIBUTION, ETC. (IMPRINT)
Place of publication, distribution, etc New York
Name of publisher, distributor, etc Harper Collins
Date of publication, distribution, etc c1994.
300 ## - PHYSICAL DESCRIPTION
Extent 536 p.,
Other physical details col. ill.
Dimensions 24 cm.
521 ## - TARGET AUDIENCE NOTE
Target audience note
541 ## - IMMEDIATE SOURCE OF ACQUISITION NOTE
-- 1
562 ## - COPY AND VERSION IDENTIFICATION NOTE
Number of copies 1
942 ## - ADDED ENTRY ELEMENTS (KOHA)
Source of classification or shelving scheme Library of Congress Classification
Koha item type
Call number prefix
Holdings
Withdrawn status Lost status Source of classification or shelving scheme Damaged status Home library Current library Shelving location Date acquired Total Checkouts Full call number Barcode Date last seen Date checked out Copy number Price effective from Koha item type
    Library of Congress Classification   Luxembourg Library Luxembourg Library Reference Section 07/04/2013 1 PE 1591 .Sc334 1994 5177 04/05/2016 08/07/2014 1 07/04/2013 Books

Roget's Student thesaurus

APA

(1994). Roget's Student thesaurus. New York: Harper Collins.

Chicago

1994. Roget's Student thesaurus. New York: Harper Collins.

Harvard

(1994). Roget's Student thesaurus. New York: Harper Collins.

MLA

Roget's Student thesaurus. New York: Harper Collins. 1994.

  • Print
  • Cite
  • Add to your cart (remove)
  • Save record
    BIBTEX Dublin Core MARCXML MARC (non-Unicode/MARC-8) MARC (Unicode/UTF-8) MARC (Unicode/UTF-8, Standard) MODS (XML) RIS
  • More searches
    Search for this title in:
    Other Libraries (WorldCat) Other Databases (Google Scholar) Online Stores (Bookfinder.com) Open Library (openlibrary.org)

Exporting to Dublin Core...

SOUTHVILLE LIBRARY

Southville International School and Colleges Library

1281 Tropical Ave. Cor. Luxembourg St., BF Homes International, Las Pinas City

Tel. No. 8256374 / 252358 Loc. 117/146

Powered by Koha